PRACTICAL MANUAL ON CROP IMPROVEMENT - II ( RABI CROPS) (Record no. 9063)

MARC details
000 -LEADER
fixed length control field 00448nam a22001697a 4500
005 - DATE AND TIME OF LATEST TRANSACTION
control field 20260310154912.0
008 - FIXED-LENGTH DATA ELEMENTS--GENERAL INFORMATION
fixed length control field 260309b |||||||| |||| 00| 0 eng d
020 ## - INTERNATIONAL STANDARD BOOK NUMBER
ISBN 978-93-83992-62-1
041 ## - LANGUAGE CODE
Language code of text/sound track or separate title eng
082 ## - DEWEY DECIMAL CLASSIFICATION NUMBER
Classification number 631 YAD-P
100 ## - MAIN ENTRY--AUTHOR NAME
Personal name YADAV, DR. RAJENDRA KUMAR
245 ## - TITLE STATEMENT
Title PRACTICAL MANUAL ON CROP IMPROVEMENT - II ( RABI CROPS)
260 ## - PUBLICATION, DISTRIBUTION, ETC. (IMPRINT)
Place of publication NEW DELHI
Name of publisher BHAVYA BOOKS
300 ## - PHYSICAL DESCRIPTION
Number of Pages 144;P
650 ## - SUBJECT ADDED ENTRY--TOPICAL TERM
Topical Term AGRICULTURE
942 ## - ADDED ENTRY ELEMENTS (KOHA)
Koha item type Books
Holdings
Lost status Damaged status Collection code Home library Current library Shelving location Date acquired Source of acquisition Cost, normal purchase price Serial Enumeration / chronology Full call number Accession Number Koha item type
    AGRICULTURE JRU Library JRU Library NEW ARRIVAL SHELF 09/03/2026 PURCHASE 195.00 LBI/000880 , DATE-6/03/2026 631 29309 Books
    AGRICULTURE JRU Library JRU Library   09/03/2026 PURCHASE 195.00   631 29310 Books
    AGRICULTURE JRU Library JRU Library   09/03/2026 PURCHASE 195.00   631 29311 Books
    AGRICULTURE JRU Library JRU Library   09/03/2026 PURCHASE 195.00   631 29312 Books
    AGRICULTURE JRU Library JRU Library   09/03/2026 PURCHASE 195.00   631 29313 Books